000 00627nam a2200265Ia 4500
005 20260121170016.0
008 008 260114s9999 xx 000 0 eng d
020 _a9783319327716
037 _aEBOOK
040 _aCRL
040 _beng
040 _cCRL
041 _2eng
041 _aeng
084 _qCRL
100 _aBjarte Thorson
_91058680
245 0 _aIndividual Rights in EU Law
260 _bSpringer
260 _bSpringer
260 _c2016
856 _uhttps://link.springer.com/openurl?genre=book&isbn=978-3-319-32771-6
942 _cEBOOK
999 _c1624409
_d1624409